| 000 | 00739nam a22002417a 4500 | ||
|---|---|---|---|
| 005 | 20170124105920.0 | ||
| 010 | _aA-146254 | ||
| 020 |
_c00 _a0706906535 |
||
| 035 | _aA-146254 | ||
| 037 | _bCen Lib/Ret | ||
| 040 |
_aDPL _bEN |
||
| 082 |
_a382.60954 _bAGA |
||
| 100 |
_aAgarwala, P.N. _9108384 |
||
| 245 |
_aIndia's export strategy / _cby P.N. Agarwala |
||
| 246 | _b | ||
| 260 |
_bVikas Publishing House _c1978 _aNew Delhi |
||
| 270 |
_bNew Delhi _a5, ansari road _e110002 |
||
| 300 |
_axiv, 352p. _c21cm(Hb) |
||
| 500 | _aIncludes bibliographical reference and index | ||
| 650 |
_aEconomic Policies _z _9108385 |
||
| 650 |
_aInflations _xImports & Exports _9108386 |
||
| 942 |
_2ddc _cEN _h382.60954 _mAGA |
||
| 999 |
_c123096 _d123096 |
||